| 000 | 00954nam a22002537a 4500 | ||
|---|---|---|---|
| 005 | 2011082407437.0 | ||
| 008 | 110824t xxu||||| |||| 00| 0 eng d | ||
| 010 | _aENG-103581 | ||
| 020 |
_a9788189643188 _c795.00 |
||
| 035 | _aEN-87114 | ||
| 037 | _bDBAD/PUB | ||
| 040 |
_aDPL _bEng |
||
| 100 | _933535 | ||
| 245 |
_aReligious cultures in early modern India : _bnew perspectives / _cedited by Rosalind O'Hanlon [and] David Washbrook |
||
| 260 |
_aNew Delhi _bRoutledge _c2011 |
||
| 270 |
_a912-915, Tolstoy House, 15-17 Tolstoy Marg, Connaught Place _bNew Delhi _e110001 |
||
| 300 |
_avi,303p. _c22cm (Hb) |
||
| 490 |
_aSouth Asian history & culture 7 _933546 |
||
| 500 | _aIncludes bibliographical references and index | ||
| 700 |
_aO'Hanlon, Rosalind _933544 |
||
| 700 |
_aWashbrook, David _933545 |
||
| 942 |
_2ddc _cEN _mREL |
||
| 999 |
_c55904 _d55904 |
||